Estatísticas para Bahrein

Clique aqui para jogar o quiz

Estatísticas Gerais

  • Esse quiz foi jogado 9 vezes
  • A pontuação média é 8 de 15

Estatísticas das Respostas

HintResposta% Correto
Com quantos países faz fronteira?2
100%
Qual é o seu idioma?Árabe
100%
Com que país faz fronteira a leste?Arábia Saudita
100%
Em que continente fica?Ásia
100%
Que cor na bandeira significa a trégua feita com os países vizinhos?Branco
86%
Qual é a sua religião?Islamismo
86%
Em que golfo fica?Pérsico
71%
Qual é o seu código ISO?BHR
43%
Qual é o sua capital?Manama
43%
Quantas ilhas formam o país?35
29%
Como se chama o maior parque aquático do mundo que fica localizado neste país?Dive Bahrain
14%
Como se chama a sua moeda?Dinar bareinita
0%
Qual é o ponto mais alto do país?Montanha de Fumaça
0%
Na bandeira o que representa a serra dentada?Pilares do islão
0%
Com que país faz fronteira a noroeste?Qatar
0%

Distribuição das Pontuações

Percentil de Números Respondidos

Porcentagem de Pessoas com Cada Pontuação

Sua Pontuação Histórica

Você não jogou esse quiz